000 00359nam a2200145Ia 4500
005 20260328101444.0
008 260328s9999||||xx |||||||||||||| ||und||
100 _aDuany, Andrés
245 0 _aTowns and Town-making principlesAndrés /
_cAndrés Duany
250 _a2a ed.
260 _bRizzoli
300 _a119 p.
650 _aDISEÑO URBANO
942 _cBK
999 _c8389
_d8389